Fluid mechanics through worked out problems (Record no. 2538)

000 -LEADER
fixed length control field 00578nam a22002177a 4500
001 - CONTROL NUMBER
control field 2538
003 - CONTROL NUMBER IDENTIFIER
control field BD-DhUET
008 - FIXED-LENGTH DATA ELEMENTS--GENERAL INFORMATION
fixed length control field 140924b xxu||||| |||| 00| 0 eng d
020 ## - INTERNATIONAL STANDARD BOOK NUMBER
International Standard Book Number 9843109230
040 ## - CATALOGING SOURCE
Transcribing agency 0
Modifying agency BD-DhUET
082 ## - DEWEY DECIMAL CLASSIFICATION NUMBER
Classification number 532
Item number QUA/2006
100 ## - MAIN ENTRY--PERSONAL NAME
Personal name Quamrul Islam , Md.
245 ## - TITLE STATEMENT
Title Fluid mechanics through worked out problems
250 ## - EDITION STATEMENT
Edition statement 1st ed.
260 ## - PUBLICATION, DISTRIBUTION, ETC. (IMPRINT)
Place of publication, distribution, etc. Gazipur
Name of publisher, distributor, etc. Islamic University of Technology
Date of publication, distribution, etc. 2006
300 ## - PHYSICAL DESCRIPTION
Extent xii,777 p.
504 ## - BIBLIOGRAPHY, ETC. NOTE
Bibliography, etc Includes bibliographies
650 #0 - SUBJECT ADDED ENTRY--TOPICAL TERM
Topical term or geographic name as entry element Fluid mechanics
700 ## - ADDED ENTRY--PERSONAL NAME
Personal name Mondal , Amalesh Chandra
942 ## - ADDED ENTRY ELEMENTS (KOHA)
Koha item type General Book
Holdings
Date acquired Koha item type Sublocation or collection (holding branch) Lost status Price effective from Koha date last seen Not for loan Koha full call number Shelving location Location (home branch) Damaged status Copy number Koha issues (times borrowed) Piece designation (barcode) Koha renewals Withdrawn status Koha date last borrowed Koha out on loan Koha normalized classification for sorting Source of classification or shelving scheme
2014-09-24General BookCentral Library, BUET 2014-09-242024-08-31 532/QUA/2006Circulation sectionCentral Library, BUET 19102749  2024-08-312024-09-14532QUA2006 
2014-09-24General BookCentral Library, BUET 2014-09-242025-11-09 532/QUA/2006Circulation sectionCentral Library, BUET 216102750  2025-08-10 532_000000000000000_QUA_2006 
2014-09-24General BookCentral Library, BUET 2014-09-242026-04-12 532/QUA/2006Circulation sectionCentral Library, BUET 3151027511 2026-03-30 532_000000000000000_QUA_2006 
2015-08-17General BookCentral Library, BUET 2015-08-172025-06-30 532/QUA/2006Circulation sectionCentral Library, BUET 424102748  2025-06-302025-07-14532_000000000000000_QUA_2006 
2006-11-06General BookCentral Library, BUET 2018-04-212023-12-02 532/QUA/2006Circulation sectionCentral Library, BUET 510102752  2023-12-022023-12-16532_000000000000000_QUA_2006